Communist China : The early years 1949-55

Đã lưu trong:
Bibliografiske detaljer
Hovedforfatter: Barnett, A. Doak
Format: Bog
Sprog:Undetermined
Udgivet: London Pall Mall Press 1964
Tags: Tilføj Tag
Ingen Tags, Vær først til at tagge denne postø!
Thư viện lưu trữ: Trung tâm Học liệu Trường Đại học Cần Thơ
LEADER 00476nam a2200181Ia 4500
001 CTU_92014
008 210402s9999 xx 000 0 und d
082 |a 951.05 
082 |b B259 
100 |a Barnett, A. Doak 
245 0 |a Communist China : 
245 4 |b The early years 1949-55 
245 0 |c A. Doak Barnett 
260 |a London 
260 |b Pall Mall Press 
260 |c 1964 
904 |i Tuyến, H.Mai 
980 |a Trung tâm Học liệu Trường Đại học Cần Thơ